Top 25 Countries with the Highest Expected Years of Schooling - Statistics

General Stats
  • This quiz has been taken 27 times
  • The average score is 18 of 25
Answer Stats
Expected Years Of Schooling Country % Correct
18.1 Norway
96%
22.0 Australia
91%
17.0 Germany
91%
18.8 New Zealand
91%
19.5 Sweden
91%
18.9 Denmark
87%
19.4 Finland
87%
16.5 South Korea
87%
17.6 Spain
87%
17.9 Greece
83%
16.4 Singapore
83%
17.5 United Kingdom
83%
19.8 Belgium
78%
18.5 Netherlands
78%
16.5 Portugal
78%
18.7 Ireland
74%
17.6 Slovenia
74%
19.1 Iceland
70%
16.8 Czech Republic
65%
16.4 Chile
57%
16.8 Uruguay
52%
17.7 Argentina
48%
16.6 Lithuania
39%
16.6 Turkey
26%
16.9 Grenada
4%
No matching quizzes found
Score Distribution
Percent of People with Each Score
Percentile by Number Answered
Your Score History
You have not taken this quiz